000 00426 a2200145 4500
082 _a9599
_cD
100 _aGyawali, Netra Prasad
245 _aEffectiveness of teaching prepositions through discovery techniques
260 _aPalpa:
_c2012
502 _aDissertation
_bDegree in english
_cTansen Multiple Campus
650 _aPrepositions
650 _aTeaching and learning
653 _aEnglish language
942 _2ddc
_cVM
999 _c73755
_d73744